000 00238nam a2200097Ia 4500
005 20251222141852.0
008 251222s9999||||xx |||||||||||||| ||spa||
100 _a"Naranjo, Reynaldo"
245 0 _aCésar Vallejo en el siglo XXI
942 _cLIB
999 _c7763
_d7763